Efektívna integrácia IKT do vzdelávania

Elektronické vzdelávanie ako najefektívnejší spôsob celoživotného vzdelávania a významný nástroj zamestnaneckej politiky krajín EÚ. Rozvoj informačných a komunikačných technológií a rozvoj znalostnej spoločnosti.

Guardado en:
Detalles Bibliográficos
Autor principal: Cárachová, Magdaléna
Formato: Capítulo de libro
Lenguaje:eslovaco
Materias:
Etiquetas: Agregar Etiqueta
Sin Etiquetas, Sea el primero en etiquetar este registro!

MARC

LEADER 00000nla a2200000 4500
001 0190147
005 20240502073211.4
041 0 |a slo 
044 |a SK 
245 1 0 |a Efektívna integrácia IKT do vzdelávania  |c Magdaléna Cárachová 
520 |a Elektronické vzdelávanie ako najefektívnejší spôsob celoživotného vzdelávania a významný nástroj zamestnaneckej politiky krajín EÚ. Rozvoj informačných a komunikačných technológií a rozvoj znalostnej spoločnosti. 
610 2 0 |a politika vzdelávania 
610 2 0 |a vzdelávanie celoživotné 
610 2 0 |a vzdelávanie elektronické 
610 2 0 |a spoločnosť vedomostná 
610 2 0 |a Európska únia 
610 2 0 |a technológie komunikačné 
610 2 0 |a technológie informačné 
100 1 |a Cárachová, Magdaléna